[Event "IND-chT 31st"]
[Site "Cochin"]
[Date "2011.02.22"]
[Round "1"]
[White "Sriram, Jha"]
[Black "Lakshmi, Narayanan MV"]
[Result "1-0"]
[WhiteElo "2465"]
[BlackElo "2159"]
[PlyCount "98"]
[EventDate "2011.02.22"]
[EventType "team-swiss"]
[EventRounds "9"]
[EventCountry "IND"]
[SourceTitle "CBM 141 Extra"]
[Source "ChessBase"]
[SourceDate "2011.05.03"]
[SourceVersion "1"]
[SourceVersionDate "2011.05.03"]
[SourceQuality "1"]
[WhiteTeam "LIC of India"]
[BlackTeam "Vembar Erode"]
[WhiteTeamCountry "IND"]
[BlackTeamCountry "IND"]

1. d4 g6 2. c4 Bg7 3. e4 c5 4. d5 d6 5. Nf3 Nf6 6. Nc3 0-0 7. Be2 Bg4 8. 0-0 Nbd7 9. Re1 a6 10. a4 Ne8 11. Qc2 Nc7 12. Bf4 f5 13. exf5 Rxf5 14. Bg3 Bxf3 15. Bxf3 Ne5 16. Be4 Rf7 17. Qe2 Qd7 18. h3 g5 19. Bc2 Raf8 20. Ne4 h6 21. b3 Rf4 22. Qh5 R4f5 23. Qe2 Rf4 24. Rad1 a5 25. Bxf4 gxf4 26. Qh5 Qe8 27. Qxe8 Rxe8 28. f3 Na6 29. Nf2 Rf8 30. Bb1 h5 31. Re4 Nb8 32. h4 Nbd7 33. Nh3 Bh6 34. Rde1 Kg7 35. Kf2 b6 36. Bc2 Kh8 37. R4e2 Kg7 38. Rg1 Kh8 39. g3 fxg3+ 40. Rxg3 Ng4+ 41. Kg1 Nge5 42. Kg2 Bf4 43. Nxf4 Rxf4 44. Re4 Rf6 45. Rg5 Nxf3 46. Rxh5+ Kg8 47. Rxe7 Nde5 48. Be4 Nd4 49. Rb7 Nf7 1-0

[Event "Chennai op 3rd"]
[Site "Chennai"]
[Date "2011.01.19"]
[Round "3"]
[White "Kuzubov, Yuriy"]
[Black "Lakshmi, Narayanan MV"]
[Result "1-0"]
[WhiteElo "2624"]
[BlackElo "2159"]
[PlyCount "87"]
[EventDate "2011.01.18"]
[EventType "swiss"]
[EventRounds "11"]
[EventCountry "IND"]
[SourceTitle "CBM 140 Extra"]
[Source "ChessBase"]
[SourceDate "2011.03.01"]
[SourceVersion "1"]
[SourceVersionDate "2011.03.01"]
[SourceQuality "1"]

1. d4 g6 2. c4 Bg7 3. Nc3 c5 4. d5 d6 5. e4 Nf6 6. Bd3 0-0 7. h3 e6 8. Nf3 exd5 9. exd5 Re8+ 10. Be3 Bh6 11. 0-0 Bxe3 12. fxe3 Nbd7 13. Qd2 a6 14. Rf2 Qe7 15. e4 Kg7 16. Raf1 Rb8 17. a4 Nh5 18. Ne2 h6 19. Qc3+ Kg8 20. a5 b6 21. axb6 Rxb6 22. b3 Qf6 23. Qc2 Nf4 24. Nxf4 Qxf4 25. Kh1 Qg3 26. Qd2 Kg7 27. Bc2 Re7 28. Qa5 f6 29. b4 Rf7 30. bxc5 dxc5 31. Ba4 Qd6 32. Bxd7 Bxd7 33. Ne5 Qxe5 34. Qxb6 a5 35. Qxa5 Qxe4 36. Qc3 Qe7 37. Kg1 Qd6 38. Re2 h5 39. Qa5 g5 40. Qd8 Qf8 41. Qxf8+ Kxf8 42. Ra1 Bf5 43. Ra8+ Kg7 44. d6 1-0

[Event "Commonwealth-ch"]
[Site "New Delhi"]
[Date "2007.12.05"]
[Round "4"]
[White "Lakshmi, Narayanan MV"]
[Black "Das, Arghyadip"]
[Result "1/2-1/2"]
[WhiteElo "2157"]
[BlackElo "2367"]
[PlyCount "51"]
[EventDate "2007.12.03"]
[EventType "swiss"]
[EventRounds "10"]
[EventCountry "IND"]
[SourceTitle "CBM 121 Extra"]
[Source "ChessBase"]
[SourceDate "2008.01.10"]
[SourceVersion "1"]
[SourceVersionDate "2008.01.10"]
[SourceQuality "1"]

1. Nf3 Nf6 2. c4 c5 3. g3 d5 4. cxd5 Nxd5 5. Bg2 Nc6 6. 0-0 e5 7. Nc3 Nc7 8. d3 Be7 9. Be3 0-0 10. Rc1 Be6 11. a3 f5 12. Na4 b6 13. b4 Nd5 14. bxc5 Nxe3 15. fxe3 b5 16. Nb2 Qa5 17. a4 Rab8 18. Qd2 bxa4 19. Qxa5 Nxa5 20. Nxa4 Rb4 21. Ra1 Nb3 22. Ra3 Nxc5 23. Nc3 Bf6 24. d4 exd4 25. Nxd4 Bxd4 26. exd4 1/2-1/2